000 00680nam a22001695i 4500
001 153219
003 ES-MaACL
005 20230906205058.0
008 981207s1861 fr a |||| | fre d
245 0 0 _aComplément du dictionnaire des arts et manufactures /
_cpar M. Ch. Laboulaye ; avec le concours de plusieurs savants et ingénieurs.
260 _aParis :
_bLibrairie Scientifique, Industrielle et Agricole de E. Lacroix,
_c1861.
300 _aXVIII, 19-696, XII, 256 p. :
_bil. ;
_c28 cm.
597 _aTexto a dos col.
650 4 _aTecnología-
_vDiccionarios.
_917402
700 1 _aLaboulaye, Charles (
_d1813-1886 )
_9128548
852 _aES-MaACL
_jG-12917
_z- Enc. hol.
999 _c153219
_d153219